El niño

I tiakina i:
Ngā taipitopito rārangi puna kōrero
Kaituhi matua: Dupanloup, Félix (Author)
Hōputu: Pukapuka
Reo:Pāniora
I whakaputaina: Barcelona Gustavo Gili 1900
Rangatū:Universidad, 45
Ngā marau:
Ngā Tūtohu: Tāpirihia he Tūtohu
Kāore He Tūtohu, Me noho koe te mea tuatahi ki te tūtohu i tēnei pūkete!

MARC

LEADER 00000nam a2200000 a 4500
001 UCY5639
003 CL-VaPUC
008 950512e19000000SP |||||||||||||||||spa|d
082 0 4 |a 155.4  |b DUP  |2 21 
100 0 |a Dupanloup, Félix  |e author  |9 334647 
245 1 3 |a El niño 
300 |a 311 p 
942 |c BK 
945 |d 19950512 00:00:00  |a mfernand 
260 |a Barcelona  |b Gustavo Gili  |c 1900 
650 0 |a Psicología del niño  |9 307305 
650 0 |a Juventud  |9 271073 
650 0 |a Psicología del adolescente   |9 307864 
650 7 |a DESARROLLO MORAL  |2 CL-VaPUC  |9 310605 
650 0 |a Psicología del desarrollo  |9 307541 
650 0 |a Psicología educacional   |9 307830 
650 0 |a Dios   |9 266622 
650 0 |a Religión   |9 255164 
583 |a last modification  |c 19950512 00:00:00  |k Rodrigo Vera 
490 0 |a Universidad, 45 
999 |c 233271  |d 233269 
952 |0 0  |1 0  |4 0  |6 155_400000000000000_DUP_1900  |7 0  |8 P  |9 238678  |a BIBEDU  |b BIBEDU  |c BIBEDU_PB  |d 2019-11-18  |i 1503723  |o 155.4 DUP 1900  |p 1503723  |r 2024-01-25  |w 2019-11-18  |y BK  |k EDU